<?xml version="1.0" encoding="UTF-8"?>
<marc:record xmlns:marc="http://www.loc.gov/MARC21/slim">
   <marc:leader>00000nam a2200000 a 4500</marc:leader>
   <marc:datafield ind1="1" ind2=" " tag="100">
      <marc:subfield code="a">Difraoui, Asiem el</marc:subfield>
      <marc:subfield code="4">aut</marc:subfield>
      <marc:subfield code="e">Verfasser/-in</marc:subfield>
   </marc:datafield>
   <marc:datafield ind1=" " ind2=" " tag="653">
      <marc:subfield code="a">Soziologie</marc:subfield>
   </marc:datafield>
   <marc:datafield ind1=" " ind2=" " tag="653">
      <marc:subfield code="a">Bericht</marc:subfield>
   </marc:datafield>
   <marc:datafield ind1=" " ind2=" " tag="653">
      <marc:subfield code="a">Islamischer Staat</marc:subfield>
   </marc:datafield>
   <marc:datafield ind1=" " ind2=" " tag="653">
      <marc:subfield code="a">Terror</marc:subfield>
   </marc:datafield>
   <marc:datafield ind1=" " ind2=" " tag="653">
      <marc:subfield code="a">Dschihadismus</marc:subfield>
   </marc:datafield>
   <marc:datafield ind1=" " ind2=" " tag="653">
      <marc:subfield code="a">Islamismus</marc:subfield>
   </marc:datafield>
   <marc:datafield ind1=" " ind2=" " tag="653">
      <marc:subfield code="a">Terrorismus</marc:subfield>
   </marc:datafield>
   <marc:datafield ind1=" " ind2=" " tag="653">
      <marc:subfield code="a">Dschihad</marc:subfield>
   </marc:datafield>
   <marc:datafield ind1=" " ind2=" " tag="653">
      <marc:subfield code="a">Softcover / Sachbücher/Politik</marc:subfield>
   </marc:datafield>
   <marc:datafield ind1=" " ind2=" " tag="653">
      <marc:subfield code="a">Gesellschaft</marc:subfield>
   </marc:datafield>
   <marc:datafield ind1=" " ind2=" " tag="653">
      <marc:subfield code="a">Wirtschaft</marc:subfield>
   </marc:datafield>
   <marc:datafield ind1="0" ind2="0" tag="245">
      <marc:subfield code="a">Die Hydra des Dschihadismus</marc:subfield>
   </marc:datafield>
   <marc:datafield ind1="0" ind2="0" tag="245">
      <marc:subfield code="b">Entstehung, Ausbreitung und Abwehr einer globalen Gefahr</marc:subfield>
   </marc:datafield>
   <marc:datafield ind1="0" ind2="0" tag="245">
      <marc:subfield code="c">Asiem El Difraoui</marc:subfield>
   </marc:datafield>
   <marc:datafield ind1=" " ind2="1" tag="264">
      <marc:subfield code="a">Berlin</marc:subfield>
      <marc:subfield code="b">Suhrkamp</marc:subfield>
      <marc:subfield code="c">2021</marc:subfield>
   </marc:datafield>
   <marc:datafield ind1=" " ind2=" " tag="250">
      <marc:subfield code="a">Erste Auflage</marc:subfield>
   </marc:datafield>
   <marc:datafield ind1="1" ind2=" " tag="520">
      <marc:subfield code="a">Angaben aus der Verlagsmeldung

Wie der Dschihadismus über uns kam : Ein Augenzeugenbericht / von Asiem El Difraoui

Asiem El Difraoui ist einer der renommiertesten Terrorexperten Europas. Er traf Dutzende von Dschihadisten. Führte Interviews in Afghanistan, Pakistan, Syrien, Saudi-Arabien, Ägypten, dem Libanon und dem Irak. Ebenso in den Vororten von Paris, London, Bonn oder Frankfurt. Mal reiste er dem Terror hinterher. Mal kam der Terror zu ihm, wie in Gestalt der Anschläge 2015 in Paris, die sich in seiner unmittelbaren Nachbarschaft ereigneten.

Seine Erkenntnis: »IS«, Al-Qaida, oder Boko Haram werden in unseren Medien gerne als Ansammlung Verblendeter dargestellt. Und mit dieser Haltung werden entscheidende Tatsachen beiseite gewischt. Es sind auch unsere Kinder, die in den »Dschihad« ziehen. Und unter den Opfern dieser Entwicklung sind wiederum Kinder, die traumatisiert in Flüchtlingstrecks bei uns landen. »Die Anderen«, das sagt uns diese Krise, gibt es nicht mehr. Weil wir seit Jahrzehnten alle eine Mitschuld am Dschihadismus tragen.

In seinem neuen Buch untersucht Asiem El Difraoui die Evolution, Denkmuster und PR-Strategien des Dschihadismus. Und immer wieder die Frage, was Paris, Europa, der Westen, die Medien dazu beitragen. Ein packender, aufrüttelnder Appell, globale Verantwortung zu übernehmen, um in Zukunft nicht an einer der größten Krisen der Gegenwart zu scheitern.
</marc:subfield>
   </marc:datafield>
   <marc:datafield ind1=" " ind2=" " tag="020">
      <marc:subfield code="a">9783518425640</marc:subfield>
      <marc:subfield code="9">9783518425640</marc:subfield>
   </marc:datafield>
   <marc:datafield ind1=" " ind2=" " tag="020">
      <marc:subfield code="a">3518425641</marc:subfield>
      <marc:subfield code="9">3518425641</marc:subfield>
   </marc:datafield>
   <marc:datafield ind1=" " ind2=" " tag="041">
      <marc:subfield code="a">ger</marc:subfield>
   </marc:datafield>
   <marc:datafield ind1=" " ind2=" " tag="300">
      <marc:subfield code="a">366 Seiten</marc:subfield>
   </marc:datafield>
</marc:record>
